000 00308nam a2200121Ia 4500
005 20260326100041.0
008 260326s9999||||xx |||||||||||||| ||und||
100 _aCamón Aznar, José
245 0 _aHistoria General del Arte /
_cJosé Camón Aznar
260 _bEspasa-Calpe
650 _aHISTORIA
942 _cBK
999 _c7020
_d7020